书目信息 |
| 题名: |
探索DNA的奥秘
|
|
| 作者: | 霍格兰 著 ;彭秀玲 译 | |
| 分册: | ||
| 出版信息: | 上海 上海翻译出版公司 1986 |
|
| 页数: | 189页 | |
| 开本: | 19cm | |
| 丛书名: | ||
| 单 册: | ||
| 中图分类: | Q3-49 | |
| 科图分类: | ||
| 主题词: | 遗传学 | |
| 电子资源: | ||
| ISBN: | ||
| 000 | 00600nam0 2200217 45 | |
| 001 | 0405241632 | |
| 005 | 20040915095815.0 | |
| 010 | @dCNY1.20 | |
| 091 | @a13311.29 | |
| 100 | @a20040524d1986 km y0chiy0120 ea | |
| 101 | 0 | @achi@ceng |
| 105 | @a z 000yy | |
| 200 | 1 | @a探索DNA的奥秘@ATan Suo DNA De Ao Mi@f(美)M.霍格兰著@F(Mei)M.Huo Ge LanZhu@g彭秀玲译 |
| 210 | @a上海@c上海翻译出版公司@d1986 | |
| 215 | @a189页@d19cm | |
| 606 | 0 | @a遗传学 |
| 690 | @aQ3-49@v3 | |
| 701 | 0 | @a霍格兰@4著 |
| 702 | 0 | @a彭秀玲@APeng Xiu Ling@4译 |
| 801 | @aCN@bPftUser@c20040524 | |
| 905 | @dQ3-49@e20@f1@b166281 | |
| 探索DNA的奥秘/(美)M.霍格兰著/彭秀玲译.-上海:上海翻译出版公司,1986 |
| 189页;19cm |
| ISBN :CNY1.20 |
| ● |
| 相关链接 |
|
|
|
|
正题名:探索DNA的奥秘
索取号:Q3-49/20
 
预约/预借
| 序号 | 登录号 | 条形码 | 馆藏地/架位号 | 状态 | 备注 |
| 1 | 0166281 | 001701689 | 第三借阅区/ [索取号:Q3-49/20] | 在馆 | |
| 2 | 0166282 | 000076839 | 第三借阅区/ [索取号:Q3-49/20] | 在馆 | |
| 3 | 0166283 | 000076820 | 第二样本阅览室/ [索取号:Q3-49/20] | 在馆 |